000 00728nam a2200241 i 4500
001 10265
003 ES-MaACL
005 20231021062525.0
007 t|
008 950407s1994 sp |||| |aspa d
020 _a84-7223-420-7
080 _a86.0(82)-94"19"
100 1 _aBioy Casares, Adolfo.
_928953
245 1 0 _aMemorias
_b: infancia, adolescencia y cómo se hace un escritor /
_cAdolfo Bioy Casares.
250 _a1ª ed.
260 _aBarcelona :
_bTusquets,
_c1994.
300 _a197 p. ;
_c21 cm.
490 1 _aColección Andanzas ;
_v210 - 1
600 1 4 _aBioy Casares, Adolfo.
_928953
830 0 0 _aColección Andanzas
_v210 - 1
_9234359
852 _aES-MaACL
_jP-1739
999 _c10265
_d10265